<Die> sozialgerechte Marktwirtschaft ein Weg für Osteuropa

Salvato in:
Dettagli Bibliografici
Autore principale: Sik, Ota
Natura: Libro
Lingua:tedesco
Pubblicazione: Freiburg im Breisgau Herder 1990
Edizione:1. Aufl.
Soggetti:
Tags: Aggiungi Tag
Nessun Tag, puoi essere il primo ad aggiungerne!!

MARC

LEADER 00000nam a2200000 4500
001 c000684
005 20221215125442.0
020 |a 3-451-08414-7 
041 0 |a ger 
044 |a DE 
245 1 0 |a <Die> sozialgerechte Marktwirtschaft ein Weg für Osteuropa  |c Ota Sik 
250 |a 1. Aufl. 
264 1 |a Freiburg im Breisgau  |b Herder  |c 1990 
300 |a 143 s. 
610 2 0 |a socializmus 
610 2 0 |a hospodárstvo trhové 
610 2 0 |a východná Európa 
610 2 0 |a reformy hospodárske 
100 1 |a Sik, Ota